000 00308nam a2200133 a 4500
005 20140414131921.0
008 101022s19uu xx 00 eng d
050 _aER
_bAh1 2006
100 _aTrepicchio, Lynn
245 _aA hat.
260 _bHarcourt,
_c2006.
_aOrlando :
440 _a
999 _c111747
_d111747